Loading...
| Beliefs | 0 | 3 | 1 | 2 | 25 | 128 | 142.00 | 2 | 3 |
| History - World History | 1 | 1 | 0 | 0 | 25 | 59 | 82.00 | 1 | 2 |
| British and Commonwealth History | 0 | 2 | 0 | 1 | 20 | 124 | 127.00 | 1 | 2 |
| Ancient History and Archaeology | 0 | 2 | 0 | 0 | 20 | 84 | 100.50 | 0 | 2 |
| Social Science | 0 | 1 | 0 | 0 | 10 | 108 | 108.00 | 0 | 1 |
| Fine Arts - Visual Fine Arts | 0 | 1 | 0 | 1 | 10 | 137 | 137.00 | 0 | 1 |
| History - American History | 0 | 1 | 0 | 1 | 10 | 98 | 98.00 | 1 | 1 |
| History - European History | 0 | 1 | 0 | 0 | 10 | 89 | 89.00 | 0 | 1 |
| Other Arts: Auditory | 0 | 1 | 0 | 0 | 10 | 145 | 145.00 | 1 | 1 |
| Other Arts: Visual | 0 | 1 | 0 | 0 | 10 | 95 | 95.00 | 1 | 1 |
| Other Science: Earth Science | 0 | 1 | 0 | 0 | 10 | 124 | 124.00 | 1 | 1 |
| Science - Physics | 0 | 1 | 0 | 0 | 10 | 88 | 88.00 | 1 | 1 |
| Literature - European Literature | 0 | 1 | 0 | 0 | 10 | 95 | 95.00 | 0 | 1 |
| Other Academic | 0 | 1 | 0 | 1 | 10 | 138 | 138.00 | 0 | 1 |
| Fine Arts - Auditory Fine Arts | 0 | 1 | 1 | 0 | 5 | 128 | 128.00 | 1 | 1 |
| Philosophy | 0 | 1 | 1 | 0 | 5 | 103 | 103.00 | 0 | 1 |
| Literature - British Literature | 0 | 0 | 1 | 0 | -5 | 0.00 | 0 | 0 | |
| Science - Biology | 0 | 0 | 1 | 0 | -5 | 0.00 | 0 | 0 |